[Event "JUG-ch sf"]
[Site "Kladovo"]
[Date "1994.??.??"]
[Round "?"]
[White "Petrovic, Zoran"]
[Black "Jovanovic, Bojan"]
[Result "0-1"]
[WhiteElo "2270"]
[BlackElo "2355"]

1.e4 c5 2.c3 Nf6 3.e5 Nd5 4.d4 cxd4 5.Nf3 Nc6 6.Bc4 Nb6 7.Bb3 d5 8.exd6 Qxd6
9.O-O Bf5 10.Na3 a6 11.cxd4 e6 12.Be3 Be7 13.Ne5 Nd5 14.Nac4 Qc7 15.Rc1 O-O
16.Qf3 Rad8 17.Qg3 Nxe5 18.dxe5 Qb8 19.Bg5 Bxg5 20.Qxg5 Bd3 21.Rfe1 Bxc4
22.Rxc4 h6 23.Qg3 Ne7 24.Qe3 b5 25.Rc2 Nf5 26.Qc3 Nd4 27.Rd2 Nxb3 28.Rxd8 Rxd8
29.Qxb3 Rd5 30.Qe3 Qc7 31.h3 a5 32.f4 Qc2 33.Re2 Qb1+ 34.Kh2 Qxa2 35.f5 Qc4
36.fxe6 fxe6 37.Qb6 Rd7 38.Qxa5  0-1

[Event "JUG-ch sf"]
[Site "Kladovo"]
[Date "1994.??.??"]
[Round "?"]
[White "Ristic, Nenad"]
[Black "Ilincic, Zlatko"]
[Result "0-1"]
[WhiteElo "2380"]
[BlackElo "2530"]

1.e4 c5 2.c3 Nf6 3.e5 Nd5 4.d4 cxd4 5.Nf3 Nc6 6.Bc4 Nb6 7.Bb3 d6 8.exd6 Qxd6
9.O-O Be6 10.Na3 dxc3 11.Nb5 Qxd1 12.Rxd1 Rc8 13.Bxe6 fxe6 14.Nxc3 h6 15.Ne4 g5
16.h4 gxh4 17.Nc5 Nd8 18.Nd3 Bg7 19.a4 Rc4 20.Nf4 Bf6 21.a5 Nd7 22.a6 b6
23.Ng6 Nc5 24.Nxh8 Bxh8 25.Bxh6 Bxb2 26.Ra2 Bf6 27.Be3 Nc6 28.Nd2 Rb4 29.Bxc5 bxc5
30.Rc1 Rb5 31.Ne4 Nb4 32.Ra4 Bd4 33.Rb1 Kd7 34.Kf1 Kc6 35.Ke2 e5 36.Ra3 Rb6
37.Nd2 Kd5 38.Rh1 c4 39.Rxh4 c3 40.Nf3 c2 41.Ra5+ Kd6 42.Rh1 Nc6 43.Ra2 Rb2
44.Rxb2 Bxb2 45.Kd2 Nb4 46.Nh4 e6 47.f3 Kc5 48.Ng6 Kb5 49.Re1 Kxa6 50.Nxe5 Bxe5
51.Re4 Bb2 52.Rxe6+ Kb5 53.Re1 a5 54.f4 a4 55.f5 a3 56.f6 Bxf6  0-1

[Event "Kopavogur"]
[Site "Kopavogur"]
[Date "1994.??.??"]
[Round "?"]
[White "Thorhallsson, Throstur"]
[Black "Gislason, Gudmundur"]
[Result "1-0"]
[WhiteElo "2470"]
[BlackElo "2325"]

1.e4 c5 2.c3 Nf6 3.e5 Nd5 4.d4 e6 5.Nf3 cxd4 6.cxd4 Nc6 7.Nc3 d6 8.exd6 Bxd6
9.Bc4 O-O 10.O-O Nf6 11.Re1 a6 12.Bg5 Be7 13.Qd2 b5 14.Bd3 Bb7 15.Rad1 Nb4
16.Bb1 Nbd5 17.Qd3 g6 18.Bh6 Re8 19.Ne5 Nxc3 20.Qxc3 Qd5 21.Qg3 Nh5 22.Qh3 f5
23.Bc2 Bf6 24.Bb3 Qd6 25.Qe3 Rad8 26.Bg5 Qe7 27.Bxf6 Qxf6 28.f3 Ng7 29.Rc1 Re7
30.f4 h6 31.d5 Bxd5 32.Qb6 Ree8 33.Rc7 Be4 34.Re2 g5 35.Rf7 Qxe5 36.fxe5 Kxf7
37.Qxa6 Re7 38.Bc2 Bxc2 39.Rxc2 Rd5 40.Qb6 Rxe5 41.Rc7 Rd5 42.Rxe7+ Kxe7
43.Qc7+ Kf6 44.Qc3+ Kg6 45.b3 f4 46.a4 bxa4 47.bxa4 Nf5 48.a5 g4 49.a6 g3
50.hxg3 fxg3 51.Qa1  1-0

[Event "Kstovo op"]
[Site "Kstovo"]
[Date "1994.??.??"]
[Round "5"]
[White "Labutin, Sergey"]
[Black "Duchov, A."]
[Result "0-1"]
[WhiteElo "2325"]
[BlackElo "2365"]

1.e4 c5 2.c3 Nf6 3.e5 Nd5 4.Nf3 e6 5.d4 cxd4 6.cxd4 b6 7.Bc4 Bb7 8.O-O d6
9.Nbd2 Nd7 10.Ne4 Qc7 11.b3 a6 12.Bb2 Nf4 13.Ng3 b5 14.Bd3 dxe5 15.Rc1 Qb6
16.Bb1 Rd8 17.Re1 Bb4 18.Re3 Nf6 19.Rxe5 O-O 20.a3 Bd6 21.Re1 Bd5 22.b4 Qb7
23.Re3 Rc8 24.Rc5 Rfd8 25.Qc2 h5 26.h4 g6 27.Rec3 Bc4 28.Ne1 Bxc5 29.dxc5 e5
30.Rf3 Qe7 31.Nf5 gxf5 32.Qxf5 Rc6 33.Bxe5 Re8  0-1

[Event "Kstovo op"]
[Site "Kstovo"]
[Date "1994.??.??"]
[Round "8"]
[White "Duchov, A."]
[Black "Minasian, Ara"]
[Result "0-1"]
[WhiteElo "2365"]
[BlackElo "2380"]

1.e4 c5 2.c3 Nf6 3.e5 Nd5 4.d4 cxd4 5.Nf3 e6 6.cxd4 b6 7.Bd3 Bb4+ 8.Bd2 Bxd2+
9.Qxd2 Ba6 10.O-O Bxd3 11.Qxd3 O-O 12.Nbd2 Nc6 13.Ne4 f6 14.exf6 gxf6 15.Nc3 Nce7
16.Rfe1 Kh8 17.Re4 Rg8 18.g3 Qc7 19.a3 Rac8 20.Rc1 Qb7 21.Ree1 Nf4 22.Qe3 Rg4
23.Kh1 Nh3 24.d5 Nxd5 25.Qh6 Nxf2+ 26.Kg2 Rg6 27.Qd2 Nd3 28.Nxd5 Nxe1+ 29.Rxe1 Qxd5
30.Qf2 Rg4  0-1

[Event "Las Palmas-B"]
[Site "Las Palmas"]
[Date "1994.??.??"]
[Round "1"]
[White "Ochoa de Echaguen, F Javier"]
[Black "Ubilava, Elizbar"]
[Result "1/2-1/2"]
[WhiteElo "2450"]
[BlackElo "2535"]

1.e4 c5 2.c3 Nf6 3.e5 Nd5 4.g3 d6 5.exd6 e6 6.Bg2 Bxd6 7.Nf3 O-O 8.d4 Nc6
9.O-O Bd7 10.c4 Nf6 11.Nc3 Nxd4 12.Nxd4 cxd4 13.Qxd4 Qc7 14.b3 Rfd8 15.Bb2 Bc6
16.Qe3 Bxg2 17.Kxg2 Bc5 18.Qf3 Rd2 19.Na4 Bd4 20.Bxd4 Rxd4 21.Rad1 Rad8 22.Rxd4 Rxd4
23.Rd1 Rxd1 24.Qxd1 h5 25.Qd4 b6 26.Nc3 Qb7+ 27.f3 Qe7 28.Ne4 Nxe4 29.Qxe4 Qa3
30.Qa8+ Kh7 31.Qe4+ g6 32.Qc2 Qd6 33.h4 a5 34.f4 f6 35.Kf3 Kg7 36.Ke2 Qc6
37.Kf2 e5 38.fxe5 Qc5+ 39.Kf3 Qxe5 40.Qe4 Qd6 41.Qb7+ Kh6 42.Qc8 Qd3+ 43.Kf2 Qd4+
44.Kf3 Qd3+ 45.Kf2  1/2-1/2

[Event "Leeuwarden op"]
[Site "Leeuwarden"]
[Date "1994.??.??"]
[Round "4"]
[White "Hellers, Ferdinand"]
[Black "Kuczynski, Robert"]
[Result "1-0"]
[WhiteElo "2560"]
[BlackElo "2515"]

1.e4 c5 2.c3 Nf6 3.e5 Nd5 4.Nf3 Nc6 5.Bc4 Nb6 6.Bb3 c4 7.Bc2 d6 8.exd6 Qxd6
9.O-O Bg4 10.Qe2 g6 11.Na3 Qe6 12.Qe3 Qxe3 13.fxe3 Bg7 14.b3 Na5 15.Rb1 cxb3
16.axb3 Rc8 17.b4 Nac4 18.Nxc4 Nxc4 19.d3 Nd6 20.c4 a6 21.Bb3 O-O 22.Bb2 Bxb2
23.Rxb2 Bxf3 24.gxf3 Kg7 25.f4 Rfd8 26.Kf2 e6 27.e4 Kf8 28.Ke3 Ke7 29.Rc2 f5
30.e5 Nf7 31.d4 g5 32.d5 gxf4+ 33.Kxf4 exd5 34.cxd5 Rxc2 35.d6+ Kd7 36.Bxc2  1-0

[Event "Legnica Voivode Cup"]
[Site "Legnica"]
[Date "1994.??.??"]
[Round "?"]
[White "Macieja, Bartlomiej"]
[Black "Kuczynski, Robert"]
[Result "1/2-1/2"]
[WhiteElo "2475"]
[BlackElo "2515"]

1.e4 c5 2.c3 Nf6 3.e5 Nd5 4.d4 cxd4 5.cxd4 Nc6 6.Nf3 d6 7.Bc4 Nb6 8.Bb5 dxe5
9.Nxe5 Bd7 10.Nc3 Nxe5 11.dxe5 Bxb5 12.Qxd8+ Rxd8 13.Nxb5 a6 14.Nc3 e6 15.Ke2 Be7
16.b3 Bb4 17.Ne4 Nd5 18.Bg5  1/2-1/2

[Event "VfB op 1st"]
[Site "Leipzig"]
[Date "1994.??.??"]
[Round "?"]
[White "Wernert, Wilfried"]
[Black "Hieronymus, Andreas"]
[Result "1-0"]
[WhiteElo "2195"]
[BlackElo "1610"]

1.e4 c5 2.c3 Nf6 3.e5 Nd5 4.d4 b6 5.dxc5 e6 6.cxb6 Qxb6 7.Nf3 Bc5 8.Qc2 Ba6
9.Bxa6 Nxa6 10.O-O O-O 11.a3 Rfc8 12.Qd3 Qc6 13.Ng5 f5 14.b4 Be7 15.b5 Nc5
16.Qh3  1-0

[Event "Liechtenstein op"]
[Site "Liechtenstein"]
[Date "1994.??.??"]
[Round "7"]
[White "Atlas, Dimitry"]
[Black "Medunova, Vera"]
[Result "1-0"]
[WhiteElo "2355"]
[BlackElo "2120"]

1.e4 c5 2.c3 Nf6 3.e5 Nd5 4.g3 e6 5.Bg2 d6 6.d4 cxd4 7.cxd4 dxe5 8.dxe5 Bb4+
9.Bd2 O-O 10.Nf3 Nc6 11.O-O Qc7 12.Qe2 Bd7 13.a3 Bxd2 14.Nbxd2 Rac8 15.Rac1 Qb6
16.Nc4 Nd4 17.Nxd4 Qxd4 18.Rfd1 Qc5 19.Qd2 Rb8 20.Ne3 Qb5 21.Nxd5 exd5 22.Qxd5 Qxd5
23.Bxd5 Rfd8 24.Rc7 Be6 25.Bf3 Rxd1+ 26.Bxd1 Kf8 27.Bf3 Rc8 28.Rxc8+ Bxc8
29.Bd5 b6 30.f4 Ke7 31.Kf2 f6 32.Ke3 fxe5 33.fxe5 g5 34.h4 h6 35.Ke4 a5 36.hxg5 hxg5
37.e6 Bxe6 38.Bxe6 Kxe6 39.a4 Kd6 40.Kf5 Kc5 41.Kxg5 Kb4 42.Kf4 Kxa4 43.g4 Kb3
44.g5 Kxb2 45.g6 a4 46.g7 a3 47.g8=Q a2 48.Qg2+ Kb1 49.Qf1+ Kb2 50.Qe2+ Kb1
51.Qb5+ Ka1 52.Qb3 b5 53.Qc2  1-0

[Event "Linares NL"]
[Site "Linares"]
[Date "1994.??.??"]
[Round "4"]
[White "Martin del Campo, Roberto"]
[Black "Browne, Walter S"]
[Result "0-1"]
[WhiteElo "2450"]
[BlackElo "2535"]

1.e4 c5 2.c3 Nf6 3.e5 Nd5 4.d4 cxd4 5.Nf3 Nc6 6.Bc4 Nb6 7.Bb3 d5 8.exd6 Qxd6
9.O-O Be6 10.Na3 dxc3 11.Nb5 Qxd1 12.Rxd1 Rc8 13.Bxe6 fxe6 14.bxc3 Nc4 15.Ng5 e5
16.Rb1 h6 17.Ne6 Kf7 18.Nbc7 b6 19.Rb5 g6 20.Rd7 Bg7 21.Nxg7 Nb8  0-1

[Event "Linares NL"]
[Site "Linares"]
[Date "1994.??.??"]
[Round "12"]
[White "Hernandez, Gilberto"]
[Black "Martin del Campo, Roberto"]
[Result "1/2-1/2"]
[WhiteElo "2510"]
[BlackElo "2450"]

1.e4 c5 2.c3 Nf6 3.e5 Nd5 4.d4 cxd4 5.Nf3 Nc6 6.cxd4 d6 7.Bc4 Nb6 8.Bb5 dxe5
9.Nxe5 Bd7 10.Bxc6 Bxc6 11.Nxc6 bxc6 12.O-O g6 13.Re1 Bg7 14.Bg5 Nc8 15.Qc2 O-O
16.Qxc6 Rb8 17.Qc2 Bxd4 18.Nc3 Qa5 19.Bxe7 Nxe7 20.Rxe7 Rxb2 21.Qxb2 Bxc3
22.Qc1 Bxa1 23.Qxa1  1/2-1/2

[Event "Lisbon-ch"]
[Site "Lisbon"]
[Date "1994.??.??"]
[Round "5"]
[White "Ferreira, Nelson"]
[Black "Pereira, Alvaro"]
[Result "0-1"]
[WhiteElo "2265"]
[BlackElo "2280"]

1.e4 c5 2.c3 Nf6 3.e5 Nd5 4.Nf3 Nc6 5.Bc4 Nb6 6.Bb3 d5 7.exd6 e6 8.O-O Bxd6
9.d4 cxd4 10.Nxd4 Nxd4 11.Qxd4 O-O 12.Rd1 Be7 13.Qe4 Qe8 14.Bf4 Nd7 15.Bc2 Nf6
16.Qd3 Bd7 17.Bg5 Bb5 18.Qh3 h6 19.Bxh6 gxh6 20.Qxh6 Rd8 21.Rxd8 Bxd8 22.Na3 Bc6
23.Re1 Qd7 24.Re3 Be4 25.Rh3 Nh7 26.Rg3+ Bg6 27.h3 Kh8 28.Bxg6 fxg6 29.Qxg6 Bc7
30.Rd3 Qf7 31.Qxf7 Rxf7 32.f3 Nf6 33.Nb5 Bb6+ 34.Kh1 Nd5 35.Nd6 Rg7 36.Ne4 Rxg2
37.Kxg2 Nf4+ 38.Kg3 Nxd3 39.b3 Nc1 40.Ng5 Nxa2 41.Nxe6 Nxc3 42.h4 Ne2+ 43.Kg4 Nd4
44.Ng5 Nxb3 45.Kf5 Kg7 46.Ke4 a5 47.Kd3 Kg6 48.Kc4 Nd4 49.Ne4 Nf5 50.Nc3 Nxh4
51.Kb5 Bd8 52.Na4 Nf5  0-1

[Event "Lisbon-ch"]
[Site "Lisbon"]
[Date "1994.??.??"]
[Round "5"]
[White "Gaspar, Artur"]
[Black "Santos, Luis"]
[Result "0-1"]
[WhiteElo "2000"]
[BlackElo "2380"]

1.e4 c5 2.c3 Nf6 3.e5 Nd5 4.d4 cxd4 5.Nf3 Nc6 6.Bc4 Nb6 7.Bb3 d5 8.exd6 Qxd6
9.O-O g6 10.Ng5 e6 11.Qf3 Qe7 12.Ne4 f5 13.Ng5 Bg7 14.Re1 e5 15.Na3 h6 16.Nf7 Rf8
17.Nxh6 Be6 18.Qg3 Bxb3 19.Qxg6+ Kd7 20.Nxf5 Rxf5 21.Qxf5+ Be6 22.Qd3 Rf8
23.cxd4 exd4 24.Bd2 Qf7 25.Re2 Bf5 26.Qb5 Qd5 27.Rae1 Qxb5 28.Nxb5 Bd3 29.Nxa7 Bxe2
30.Nxc6 d3 31.Nb4 Bd4 32.Be3 Bxe3 33.fxe3 d2  0-1

[Event "Lisbon-ch"]
[Site "Lisbon"]
[Date "1994.??.??"]
[Round "8"]
[White "Nunes, Jose Julio"]
[Black "Pereira, Alvaro"]
[Result "0-1"]
[WhiteElo "2000"]
[BlackElo "2280"]

1.e4 c5 2.c3 Nf6 3.e5 Nd5 4.d4 cxd4 5.cxd4 d6 6.Nf3 Nc6 7.Bc4 Nb6 8.Bb3 d5
9.h3 h6 10.Qd3 e6 11.Nc3 a6 12.a3 Bd7 13.O-O Rc8 14.Nd2 Qh4 15.f4 Nxd4 16.Nf3 Nxf3+
17.Qxf3 Bc5+ 18.Kh2 g6 19.Bc2 Bd4 20.Bd3 Nc4 21.Nxd5 exd5 22.Qxd5 Bf2 23.Bxc4 Bg3+
24.Kg1 Be6 25.Qxb7 Rxc4 26.Qb8+ Qd8 27.Qa7 Qd4+ 28.Kh1  0-1

[Event "Litomysl op"]
[Site "Litomysl"]
[Date "1994.??.??"]
[Round "?"]
[White "Buturin, Vladimir"]
[Black "Zontakh, Andrey"]
[Result "1/2-1/2"]
[WhiteElo "2400"]
[BlackElo "2440"]

1.e4 c5 2.c3 Nf6 3.e5 Nd5 4.d4 cxd4 5.Bc4 Qc7 6.Qe2 Nb6 7.Bb3 Nc6 8.Bf4 d3
9.Qf3 e6 10.Qg3 Na5 11.Qxd3 Nbc4 12.Qe2 d6 13.Ba4+ Bd7 14.Bxd7+ Qxd7 15.b4 dxe5
16.bxa5 Qd5 17.Bc1 Bc5 18.Nf3 e4 19.Nfd2 Bxf2+ 20.Qxf2 e3 21.Qf3 exd2+ 22.Nxd2 Qe5+
23.Qe4 Qxc3 24.Qxc4 Qxa1 25.Qa4+ Kf8 26.O-O Qe5 27.Qb4+ Kg8 28.Qxb7 Rf8 29.Qxa7 h6
30.Nf3 Qd5 31.a4 Ra8 32.Qe3 Rxa5 33.Qf4 f6 34.Bd2 Ra8 35.a5 Kh7 36.Re1 Rhd8
37.Qe4+ Qxe4 38.Rxe4 e5 39.Ra4 Ra6 40.Kf2 Kg6 41.Ke2 Kf5 42.g4+ Ke6 43.Nh4 h5
44.h3 hxg4 45.hxg4 Rh8 46.Nf3 g6 47.Rb4 Kd5 48.g5 Rc8 49.gxf6 Rxf6 50.Rb5+ Rc5  1/2-1/2

[Event "Litomysl op"]
[Site "Litomysl"]
[Date "1994.??.??"]
[Round "?"]
[White "Buchnicek, Petr"]
[Black "Kachur, Alexander"]
[Result "1-0"]
[WhiteElo "2175"]
[BlackElo "2290"]

1.e4 c5 2.c3 Nf6 3.e5 Nd5 4.d4 cxd4 5.cxd4 d6 6.Nf3 Nc6 7.Bc4 e6 8.O-O Be7
9.exd6 Qxd6 10.Nc3 Nxc3 11.bxc3 b6 12.Re1 O-O 13.Bd3 Bb7 14.Bg5 Rac8 15.Re3 h6
16.Bxe7 Nxe7 17.Ne5 f6 18.Nc4 Qd7 19.Qh5 Qd5 20.Qxd5 Nxd5 21.Rg3 Rfd8 22.Rc1 Rc6
23.Nd2 Rxc3 24.Rxc3 Nxc3 25.Bc4 Nd5 26.Ne4 Rc8 27.Nxf6+ Kf7 28.Nd7 Nf6 29.Ne5+ Kf8
30.h4 Bd5 31.Bxd5 exd5 32.Ra3 Rc1+ 33.Kh2 Rc7 34.f3 Ke8 35.g4 Nd7 36.Nxd7 Kxd7
37.Kg3 a5 38.Rb3 Rc6 39.Kf4 Kd6 40.Kf5 a4 41.Rb4 Rc4 42.Rxb6+ Kc7 43.Ra6 Kb7
44.Rg6 Rxd4 45.Rxg7+ Kb6 46.Rg6+ Kb5 47.Rxh6 Rd2 48.h5 Rxa2 49.Rh8 Rf2 50.f4 d4
51.h6 d3 52.h7 d2 53.Rb8+ Kc4 54.h8=Q d1=Q 55.Qc8+ Kd3 56.Qd7+  1-0

[Event "Litomysl op"]
[Site "Litomysl"]
[Date "1994.??.??"]
[Round "?"]
[White "Doring, Robert"]
[Black "Zezulkin, Jurij"]
[Result "1/2-1/2"]
[WhiteElo "2210"]
[BlackElo "2410"]

1.e4 c5 2.c3 Nf6 3.e5 Nd5 4.d4 cxd4 5.Nf3 Nc6 6.Bc4 Nb6 7.Bb3 d6 8.exd6 Qxd6
9.O-O Be6 10.Na3 a6 11.Bxe6 Qxe6 12.Nxd4 Qd7 13.Qb3 Nxd4 14.Qxb6 Ne2+ 15.Kh1 Nxc1
16.Raxc1 Qc6 17.Qxc6+ bxc6 18.Nc4 e6 19.Rcd1 a5 20.Rd2 Be7 21.Rfd1 O-O 22.g3 Rfd8
23.Rxd8+ Rxd8 24.Rxd8+ Bxd8 25.b4 axb4 26.cxb4 Bc7 27.a4 Kf8 28.a5 Ke7 29.a6 Bb8
30.Ne5 Kd6 31.Nxf7+ Kc7 32.f4 Kb6 33.Nd8 Bd6 34.a7 Kxa7 35.Nxc6+ Kb6 36.Nd8 e5
37.Nf7 Bxb4 38.Nxe5 Bc3 39.Kg2 Kc5 40.Kf3 Kd5 41.Nd7 Bb4 42.Kg4 Ke4 43.Ne5 Be7
44.Nf7 Kd5 45.f5 Bf6 46.Kf4 Bb2 47.Ng5 h5 48.Kf3 Ke5 49.g4 hxg4+ 50.Kxg4 Kf6
51.Nh7+ Kf7 52.Ng5+ Kf6 53.Ne4+ Ke5 54.Ng3 Kf6 55.Nh5+ Kf7 56.Nf4 Ba1 57.h4 g6
58.h5 gxf5+ 59.Kxf5  1/2-1/2

[Event "Litomysl op"]
[Site "Litomysl"]
[Date "1994.??.??"]
[Round "?"]
[White "Kos, Toni"]
[Black "Buturin, Vladimir"]
[Result "0-1"]
[WhiteElo "2220"]
[BlackElo "2400"]

1.e4 c5 2.c3 Nf6 3.e5 Nd5 4.d4 cxd4 5.Nf3 e6 6.cxd4 b6 7.Nc3 Nxc3 8.bxc3 Be7
9.Qc2 Bb7 10.Bd3 h6 11.Bf4 Nc6 12.O-O d6 13.Qe2 dxe5 14.Nxe5 Nxe5 15.Bxe5 O-O
16.Bc2 Bf6 17.f4 Rc8 18.Qd3 g6 19.Qg3 Bxe5 20.dxe5 Qc7 21.Qg4 Kg7 22.Rac1 Qxc3
23.h4 Be4 24.Bxe4 Qe3+ 25.Kh2 Rxc1 26.Rxc1 Qxc1 27.h5 g5 28.fxg5 Qxg5  0-1

[Event "EU-ch U20 Girls"]
[Site "Litomysl"]
[Date "1994.??.??"]
[Round "7"]
[White "Holoubkova, Martina"]
[Black "Medvegy, Nora"]
[Result "1-0"]
[WhiteElo "2210"]
[BlackElo "2155"]

1.e4 c5 2.c3 Nf6 3.e5 Nd5 4.d4 e6 5.Nf3 cxd4 6.cxd4 b6 7.Nc3 Bb7 8.Bd3 Nxc3
9.bxc3 Qc7 10.Bd2 d6 11.O-O Nd7 12.Re1 dxe5 13.Nxe5 Nxe5 14.Rxe5 Bd6 15.Rh5 g6
16.Rh4 O-O 17.Qe2 e5 18.Re1 exd4 19.cxd4 Bd5 20.Bh6 Rfc8 21.Ba6 Rcb8 22.f4 f5
23.Rh3 Bb4 24.Rd1 Re8 25.Qb2 Bd6 26.Rc1 Qe7 27.Qf2 Qe4 28.Bd3 Qe6 29.Bb5 Rec8
30.Re1 Qf7 31.a4 a6 32.Bd3 Qd7 33.Bg5 Re8 34.Rhe3 Rxe3 35.Qxe3 Qxa4 36.Bf6 Kf7
37.Be5 Re8 38.Qf2 Bxe5 39.fxe5 Qc6 40.Qh4 Kg7 41.Bxa6 Bxg2 42.Qf6+ Kg8 43.Qxc6 Bxc6
44.Bc4+ Kf8 45.d5 b5 46.Bb3 Bb7 47.d6 Ra8 48.e6 Ke8 49.Rc1 Rd8 50.Rc7 Bc8
51.Rxc8 Rxc8 52.d7+ Kd8 53.dxc8=Q+ Kxc8 54.Kf2 g5 55.Ke3 Kd8 56.Kd4 Ke7 57.Ke5 f4
58.Ke4 Kf6 59.h3 Ke7 60.Ba2 Kf6 61.Bd5 b4 62.Bb3 Ke7 63.Bc4 Kf6 64.Bd5 Ke7
65.Kf5 h6 66.Ke4 Kf6 67.Bb3 Ke7 68.Bc4 Kf6 69.Bd5 Ke7 70.Kf5 f3 71.Bxf3 b3
72.Bd5 b2 73.Ba2 h5 74.Kxg5 b1=Q 75.Bxb1 Kxe6 76.Ba2+ Ke7 77.Kxh5 Kf8 78.Kg6  1-0

[Event "Ljubljana op"]
[Site "Ljubljana"]
[Date "1994.??.??"]
[Round "?"]
[White "Praznik, Anton"]
[Black "Povse, Martin"]
[Result "0-1"]
[WhiteElo "2280"]
[BlackElo "2155"]

1.e4 c5 2.c3 Nf6 3.e5 Nd5 4.d4 cxd4 5.Nf3 Nc6 6.Bc4 Nb6 7.Bb3 e6 8.cxd4 d5
9.O-O Be7 10.a3 O-O 11.Bc2 f6 12.exf6 Bxf6 13.Qd3 g6 14.Re1 Nc4 15.Nc3 Bd7
16.b3 Nd6 17.Ne2 Qb6 18.Bb2 Nf5 19.Rad1 Rac8 20.Rd2 Nb4 21.axb4 Bb5 22.Qc3 Rxc3
23.Bxc3 Rc8 24.Bb2 Bd7 25.Bc3 Bb5 26.Bb2 Bxe2 27.Rexe2 Kf7 28.g3 Qxb4 29.h4 a5
30.Kg2 b5 31.Ng5+ Bxg5 32.hxg5 a4 33.Rd3 a3 34.Ba1 Qd6 35.Rf3 Kg7 36.Kh3 Rc6
37.g4 Ne7 38.Rf6 Qd7 39.Rf3 b4 40.Rfe3 Ng8 41.f4 Qc7  0-1

[Event "Ljubljana op"]
[Site "Ljubljana"]
[Date "1994.??.??"]
[Round "?"]
[White "Vavpetic, Vide"]
[Black "Kozul, Zdenko"]
[Result "0-1"]
[WhiteElo "2220"]
[BlackElo "2575"]

1.e4 c5 2.c3 Nf6 3.e5 Nd5 4.d4 cxd4 5.Qxd4 e6 6.Bc4 Nc6 7.Qe4 Nde7 8.f4 d5
9.exd6 Nf5 10.Bd3 Bxd6 11.Nf3 Qc7 12.O-O h5 13.b3 Bc5+ 14.Kh1 h4 15.Ng5 Nce7
16.Na3 Bd7 17.Nb5 Qb6 18.b4 Ng3+ 19.hxg3 hxg3+ 20.Nh3 Bc6 21.bxc5 Rxh3+  0-1

[Event "Ljubljana op"]
[Site "Ljubljana"]
[Date "1994.??.??"]
[Round "?"]
[White "Estrada Nieto, Julian"]
[Black "Mihevc, Narcisa"]
[Result "1/2-1/2"]
[WhiteElo "2370"]
[BlackElo "2130"]

1.e4 c5 2.c3 Nf6 3.e5 Nd5 4.Nf3 Nc6 5.Bc4 Nb6 6.Be2 d5 7.exd6 Qxd6 8.d3 g6
9.O-O Bg7 10.Na3 a6 11.Be3 O-O 12.Nc4 Nxc4 13.dxc4 Qxd1 14.Rfxd1 b6 15.Rac1 a5
16.a4 h6 17.Nd2 Ne5 18.h3 Bf5 19.Nf3 g5 20.Nxe5 Bxe5 21.Bg4 Bxg4 22.hxg4 Rad8
23.g3 Bc7 24.Kg2 Rxd1 25.Rxd1 Rd8 26.Rxd8+ Bxd8 27.Kf3 e6 28.Ke4 Bc7 29.f4 f6
30.Bf2 Kf7  1/2-1/2

[Event "Ljubljana op"]
[Site "Ljubljana"]
[Date "1994.??.??"]
[Round "?"]
[White "Sermek, Drazen"]
[Black "Sher, Miron N"]
[Result "1/2-1/2"]
[WhiteElo "2520"]
[BlackElo "2520"]

1.e4 c5 2.c3 Nf6 3.e5 Nd5 4.d4 cxd4 5.Nf3 Nc6 6.Bc4 Nb6 7.Bb3 d5 8.exd6 Qxd6
9.Na3 dxc3 10.Qe2 cxb2 11.Bxb2 Qb4+ 12.Kf1 Bf5 13.Rd1 Rd8 14.Rxd8+ Nxd8 15.Nd4 Bd7
16.Nab5 Bxb5 17.Nxb5 a6 18.Nd4 e6 19.g3 Be7 20.Nc2 Qb5 21.Qxb5+ axb5 22.Bxg7 Rg8
23.Bd4 Nc4 24.Bc3 Nc6 25.Ke2 N4a5 26.Rb1 Rg5 27.Bxa5 Nxa5 28.Nd4 Re5+ 29.Kd3 Nxb3
30.Rxb3 b4 31.Nc2 Bc5 32.f4 Rh5 33.h4 e5 34.Nxb4 exf4 35.gxf4 Rxh4 36.Ke4 b6
37.Nd3 Rh2 38.Nxc5 bxc5 39.Rb5 Ke7 40.Rb7+ Kf6 41.Rb6+ Kg7 42.Rc6 Rxa2 43.Rxc5 h6
44.Kf3 Kg6 45.Kg3 Ra1 46.Rb5 f6 47.Rc5 Rg1+ 48.Kf2 Rh1 49.Kg3 h5 50.Ra5 Rg1+
51.Kf2 Rb1 52.Kg3 Rb3+ 53.Kg2 h4 54.Rc5 Rg3+ 55.Kf2 f5 56.Ra5 Rb3 57.Kg2 Rc3
58.Rb5 Rg3+ 59.Kf2 Ra3 60.Kg2 Ra4 61.Kf3 Ra2 62.Rb8 Ra3+ 63.Kf2 Kh5 64.Rg8 h3
65.Rg5+ Kh4 66.Rxf5 Ra2+ 67.Kg1 h2+  1/2-1/2

[Event "London2"]
[Site "London"]
[Date "1994.??.??"]
[Round "1"]
[White "Carton, Niall"]
[Black "Olesen, Martin"]
[Result "0-1"]
[WhiteElo "2265"]
[BlackElo "2340"]

1.e4 c5 2.c3 Nf6 3.e5 Nd5 4.d4 cxd4 5.cxd4 e6 6.Nf3 b6 7.Be2 Bb4+ 8.Bd2 Bxd2+
9.Qxd2 Ba6 10.O-O Bxe2 11.Qxe2 O-O 12.Nbd2 Nc6 13.Rac1 f6 14.Ne4 fxe5 15.dxe5 Qe8
16.Nc3 Nf4 17.Qe4 Qh5 18.Ne2 Qg6 19.Ng3 Qxe4 20.Nxe4 Ne2+ 21.Kh1 Nxc1 22.Rxc1 Rf4
23.Nd6 Raf8 24.Rc3 Nd4  0-1

[Event "Paris-London"]
[Site "London"]
[Date "1994.??.??"]
[Round "1"]
[White "Demarre, Jacques"]
[Black "Britton, Richard"]
[Result "1-0"]
[WhiteElo "2320"]
[BlackElo "2295"]

1.e4 c5 2.c3 Nf6 3.e5 Nd5 4.d4 cxd4 5.Nf3 d6 6.cxd4 Nc6 7.Nc3 dxe5 8.dxe5 Nxc3
9.Qxd8+ Nxd8 10.bxc3 Bd7 11.Be3 g6 12.Be2 Bg7 13.O-O Nc6 14.Rab1 b6 15.Bf4 h6
16.h3 O-O 17.Bb5 Rad8 18.Rbd1 Be8 19.a4 g5 20.Bg3 Ra8 21.Rfe1 a6 22.Bf1 e6
23.Rb1 Nb8 24.Rxb6 Bxa4 25.Nd4 Rc8 26.Ra1 Be8 27.Be2 Nd7 28.Rbxa6 Rxa6 29.Rxa6 Nxe5
30.Ra7 Nc6 31.Nxc6 Bxc6 32.Ba6 Rd8 33.Rc7 Ba8 34.c4 Bd4 35.Rc8 Rxc8 36.Bxc8 Kf8
37.Bd6+ Ke8 38.Ba6 Kd7 39.Bf8 h5 40.Kf1 Bc6 41.f3 Kc7 42.Be7 g4 43.fxg4 hxg4
44.hxg4 Kb6 45.Bc8 Be4 46.Ke2 Bxg2 47.Kd3 Bc5 48.Bd8+ Kc6 49.g5 Bh3 50.Bf6 Bf5+
51.Kc3 Be3 52.Ba6 Bg6 53.Be7 Kd7 54.Bf6 Kd6 55.Bb7 e5 56.Bd5 Bf4 57.Bb7 Bg3
58.Kd2 Kc5 59.Kc3 Be1+ 60.Kb3 Kd4 61.c5 Bd2 62.Ka4 Kxc5 63.Bxe5 Bxg5 64.Kb3 Be3
65.Kc3 Bb1 66.Bf3 f5 67.Bb8 Bd4+ 68.Kd2 Kb4 69.Bd6+ Kc4 70.Bb8 Bc5 71.Be5 Bb6
72.Bb7 Bc5 73.Ke2 Bd3+ 74.Kf3 Kb3 75.Bc6 Kc2 76.Bf4 Kd1 77.Be3 Bd6 78.Kf2 Bc2
79.Bf3+  1-0

[Event "Lloyds Bank op"]
[Site "London"]
[Date "1994.??.??"]
[Round "2"]
[White "Kwiatkowski, Feliks J"]
[Black "Ward, Christopher"]
[Result "0-1"]
[WhiteElo "2260"]
[BlackElo "2490"]

1.e4 c5 2.c3 Nf6 3.e5 Nd5 4.d4 cxd4 5.Nf3 Nc6 6.cxd4 d6 7.Bc4 dxe5 8.Bxd5 Qxd5
9.Nc3 Qd6 10.d5 Nd4 11.Nxd4 exd4 12.Qxd4 e5 13.Qd3 Bd7 14.O-O f5 15.Nb5 Bxb5
16.Qxb5+ Qd7 17.Qe2 Bd6 18.Bf4 O-O 19.Bxe5 Rae8 20.f4 Bxe5 21.fxe5 Qxd5 22.Rfe1 Re6
23.Rad1 Qxa2 24.Ra1 Qd5 25.Rxa7 Rfe8 26.Qf3 Qxf3 27.gxf3 Rb6 28.Re2 Kf7 29.Kf2 Rc8
30.Ra4 Rc5 31.Rd4 Ke6 32.Rd8 Rcb5 33.Re8+ Kf7 34.Rc8 Rxb2 35.Rc7+ Kg6 36.Rxb2 Rxb2+
37.Kg3 Rb3 38.Kf4 Rb4+ 39.Kg3 f4+ 40.Kg4 h5+ 41.Kh4 Rb2 42.Kh3 b5 43.e6 Rf2
44.Rc3 Kf6 45.Rb3 g6 46.Rxb5 Rxf3+ 47.Kg2 Re3 48.Rb4 Kf5 49.h3 Rxe6 50.Rb8 Re2+
51.Kf3 Re3+ 52.Kg2 Kg5 53.Rf8 Re2+ 54.Kg1 Re6 55.Kg2 Rf6 56.Ra8 Kh4 57.Kf3 g5
58.Ra1 Re6  0-1

[Event "Lloyds Bank op"]
[Site "London"]
[Date "1994.??.??"]
[Round "3"]
[White "Roberts, Paul"]
[Black "Murugan, Krishnamoorthy"]
[Result "0-1"]
[WhiteElo "2170"]
[BlackElo "2440"]

1.e4 c5 2.c3 Nf6 3.e5 Nd5 4.d4 cxd4 5.cxd4 e6 6.a3 d6 7.Nf3 Be7 8.Bd3 O-O
9.O-O b6 10.Qe2 a5 11.Qe4 g6 12.Bh6 Re8 13.Nc3 Bb7 14.Bb5 Nd7 15.exd6 Bxd6
16.Ne5 Nxc3 17.Qxb7 Nxb5 18.Nxd7 Ra7 19.Nf6+ Qxf6 20.Qc6 Rd8 21.Qxb5 Qh4  0-1

[Event "Paris-London"]
[Site "London"]
[Date "1994.??.??"]
[Round "4"]
[White "Demarre, Jacques"]
[Black "Ward, Christopher"]
[Result "0-1"]
[WhiteElo "2320"]
[BlackElo "2490"]

1.e4 c5 2.c3 Nf6 3.e5 Nd5 4.d4 cxd4 5.Nf3 Nc6 6.Bc4 Nb6 7.Bb3 d5 8.exd6 Qxd6
9.O-O g6 10.Ng5 e6 11.Qf3 Qe7 12.Ne4 f5 13.Ng5 Bg7 14.Re1 e5 15.Qg3 Bf6 16.Nf3 Be6
17.Nxd4 Nxd4 18.cxd4 e4 19.Nc3 Bxb3 20.axb3 O-O 21.Bf4 Qe6 22.Nb5 Nd5 23.Rec1 Nxf4
24.Qxf4 Qxb3 25.Nc7 Rac8 26.Qd2 Qd3 27.Qxd3 exd3 28.Nd5 Rxc1+ 29.Rxc1 Bxd4
30.Rd1 Rd8 31.Nf4 Bxb2 32.Nxd3 Bc3 33.Kf1 b5 34.Ke2 b4 35.Rb1 a5 36.Nc5 Rd2+
37.Ke3 Rd5 38.Nd3 a4  0-1

[Event "Lloyds Bank op"]
[Site "London"]
[Date "1994.??.??"]
[Round "7"]
[White "Mortazavi, Ali"]
[Black "Aseev, Konstantin N"]
[Result "1/2-1/2"]
[WhiteElo "2390"]
[BlackElo "2540"]

1.e4 c5 2.c3 Nf6 3.e5 Nd5 4.d4 cxd4 5.Nf3 Nc6 6.Bc4 Nb6 7.Bb3 d5 8.exd6 Qxd6
9.Na3 dxc3 10.Qe2 cxb2 11.Bxb2 Qb4+ 12.Kf1 Bg4 13.Rd1 Rd8 14.Rxd8+ Nxd8 15.Nc2 Qc5
16.Bd4 Qc7 17.h3 Be6 18.Kg1 Bxb3 19.axb3 Nc6 20.Ba1 e6 21.g3 Bc5 22.b4 Nxb4
23.Nxb4 Bxb4 24.Bxg7 Rg8 25.Be5 Qc4 26.Qd1 a5 27.Qb1 f5 28.Kg2 Nd5 29.Qd1 Ke7
30.Nd4 Nf6 31.Bxf6+ Kxf6 32.Nf3 Ke7 33.Qa1 Bc3 34.Qa3+ Qb4 35.Qa2 Rc8 36.Rb1 Qe4
37.Rb3 a4 38.Qa3+ Kd7 39.Rxc3 Rxc3 40.Qxc3 b5 41.Kh2 b4 42.Qd2+ Kc6 43.Qd8 b3
44.Qc8+ Kd6 45.Qd8+ Kc6 46.Qc8+ Kd6 47.Qd8+  1/2-1/2

[Event "London2"]
[Site "London"]
[Date "1994.??.??"]
[Round "8"]
[White "Harley, Andrew"]
[Black "Pigott, John C"]
[Result "1-0"]
[WhiteElo "2290"]
[BlackElo "2370"]

1.e4 c5 2.c3 Nf6 3.e5 Nd5 4.d4 cxd4 5.Nf3 e6 6.cxd4 b6 7.Bd3 Bb4+ 8.Bd2 Bxd2+
9.Qxd2 Ba6 10.Be4 Nc6 11.Bxd5 exd5 12.Nc3 Nb4 13.a3 Nd3+ 14.Kd1 d6 15.Ne1 Nxe1
16.Rxe1 O-O 17.Kc2 Rc8 18.Qf4 Rc6 19.exd6 Rxd6 20.Re5 Bc8 21.Rae1 Be6 22.R1e3 Qd7
23.Rg3 f6 24.Rh5 Bf7 25.Rxg7+  1-0